| 000 | 00758nas a2200265 i 4500 | ||
|---|---|---|---|
| 001 | 1262 | ||
| 003 | ES-MaACL | ||
| 005 | 20250330180533.0 | ||
| 007 | t| | ||
| 008 | 950801d19762018sp w| | 1 ||pa d | ||
| 022 | _a2340-7379 | ||
| 080 | _a(460) | ||
| 080 | _a05 | ||
| 245 | 0 | 0 | _aInterviu. |
| 260 |
_aMadrid : _bEdiciones Z, _c1976-2018. |
||
| 300 |
_a93 v. ; _c31 cm. |
||
| 310 | _aSemanal | ||
| 362 | 0 | _aAño 1, n. 1 (22-26 mayo [1976])-año 42, n. 2176 (8-14 en. 2018) | |
| 650 | 1 | 4 |
_aRevistas de información general. _916896 |
| 655 | 7 |
_2tgfbne _9226866 _aRevistas |
|
| 852 |
_aES-MaACL _jHem-1810 _zExpurgado marzo 2025; posterior 1958 |
||
| 866 | 0 | _o(1976 f. n 1-25)1977-98(1999 f. nov-dic). | |
| 942 |
_2udc _cPERIODICA |
||
| 999 |
_c1262 _d1262 |
||